Online reputation of companies that have implemented the EMAS III scheme
Environmentálny manažment a jeho implikácia v podniku. Systém environmentálneho manažérstva EMAS III, resp. ISO 14001. Analýza online reputácie firiem firiem používajúcich EMAS III v automobilovom priemysle.
Salvato in:
| Autore principale: | |
|---|---|
| Altri autori: | |
| Natura: | Capitolo di libro |
| Lingua: | inglese |
| Soggetti: | |
| Tags: |
Nessun Tag, puoi essere il primo ad aggiungerne!!
|
MARC
| LEADER | 00000naa$a2200000$$$4500 | ||
|---|---|---|---|
| 001 | 0214610 | ||
| 005 | 20240502083538.9 | ||
| 041 | 0 | |a eng | |
| 044 | |a NL | ||
| 245 | 1 | 0 | |a Online reputation of companies that have implemented the EMAS III scheme |c Juraj Čorba, Ľudovít Nastišin |
| 520 | |a Environmentálny manažment a jeho implikácia v podniku. Systém environmentálneho manažérstva EMAS III, resp. ISO 14001. Analýza online reputácie firiem firiem používajúcich EMAS III v automobilovom priemysle. | ||
| 610 | 2 | 0 | |a systémy environmentálne manažérske |
| 610 | 2 | 0 | |a imidž |
| 610 | 2 | 0 | |a manažment značky |
| 100 | 1 | |a Čorba, Juraj, ml. | |
| 700 | 1 | |a Nastišin, Ľudovít | |